Statistics for World Leaders in 2000

Click here to take the quiz!

General Stats

  • This quiz has been taken 450 times
  • The average score is 10 of 20

Answer Stats

RoleCountryLeader% Correct
PresidentRussiaVladimir Putin
87%
PresidentUnited StatesBill Clinton
86%
MonarchUnited KingdomQueen Elizabeth II
85%
Prime MinisterUnited KingdomTony Blair
84%
Supreme LeaderNorth KoreaKim Jong-il
83%
PresidentIraqSaddam Hussein
79%
MonarchVatican CityPope John Paul II
77%
PresidentSyriaHafez al-Assad
69%
PresidentFranceJacques Chirac
68%
PresidentZimbabweRobert Mugabe
68%
ChancellorGermanyGerhard Schröder
40%
EmperorJapanAkihito
29%
Prime MinisterCanadaJean Chrétien
24%
PresidentTunisiaZine El Abidine Ben Ali
20%
Prime MinisterAustraliaJohn Howard
19%
PresidentSouth AfricaThabo Mbeki
18%
Head of Supreme CouncilAfghanistanMohammed Omar
12%
PresidentIsraelEzer Weizman
4%
PremierChinaZhu Rongji
2%
Prime MinisterJapanKeizō Obuchi
1%

Score Distribution

Percentile by Number Answered

Percent of People with Each Score

Your Score History

You have not taken this quiz